Statistics for Stand inside your love

Click here to take the quiz!

General Stats

  • This quiz has been taken 3 times
  • The average score is 75 of 181

Answer Stats

Answer% Correct
a
100%
and
100%
be
100%
i
100%
in
100%
inside
100%
love
100%
me
100%
my
100%
stand
100%
to
100%
you
100%
your
100%
all
50%
as
50%
but
50%
don't
50%
every
50%
for
50%
meant
50%
mine
50%
the
50%
you're
50%
am
0%
around
0%
ask
0%
beautiful
0%
bleed
0%
both
0%
breathe
0%
child
0%
destiny
0%
die
0%
dreamed
0%
everything
0%
feel
0%
first
0%
forever
0%
heart
0%
here
0%
home
0%
how
0%
i'll
0%
i'm
0%
immutable
0%
impossible
0%
incalculable
0%
insufferable
0%
is
0%
its
0%
i've
0%
last
0%
live
0%
lover
0%
lunacy
0%
mind
0%
move
0%
much
0%
mystic
0%
need
0%
now
0%
of
0%
one
0%
protected
0%
pure
0%
reborn
0%
recast
0%
sage
0%
sky
0%
soul
0%
sound
0%
telling
0%
that
0%
though
0%
time
0%
travel
0%
traverse
0%
understand
0%
us
0%
waking
0%
want
0%
who
0%
will
0%
wire
0%
within
0%
world
0%
wouldn't
0%
wrap
0%

Score Distribution

Percentile by Number Answered

Percent of People with Each Score

Your Score History

You have not taken this quiz